000 00749nam a2200265 a 4500
999 _c7627
_d7627
003 PK-NaQUE
005 20250226095319.0
008 250226b ||||| |||| 00| 0 eng d
020 _a0789567784 (hardcover)
020 _a9780789567789 (hardcover)
040 _cQUEST
100 1 _aShelly, Gary B.
245 1 0 _aDiscovering Computers 2004 : a gateway to information
250 _a1st ed.
260 _a[S.l.] :
_bCourse Technology,
_c2003.
300 _a1 p. ;
650 _aComputers.
650 _aElectronic data processing.
650 _aInternet.
650 _aWorld Wide Web.
700 1 _aCashman, Thomas J.
700 1 _aVermaat, Misty E.
856 4 0 _uhttp://10.10.170.122:8080/browse/book/26628
_yeBook
942 _cBK
_2ddc